Japanese international trade and investment law

Kaydedildi:
Detaylı Bibliyografya
Yazar: Mitsuo, Matsushita
Materyal Türü: Kitap
Dil:Undetermined
Baskı/Yayın Bilgisi: Tokyo University of Tokyo Press 1989
Konular:
Etiketler: Etiketle
Etiket eklenmemiş, İlk siz ekleyin!
Thư viện lưu trữ: Trung tâm Học liệu Trường Đại học Cần Thơ
LEADER 00572nam a2200193Ia 4500
001 CTU_77836
008 210402s9999 xx 000 0 und d
082 |a 343.52 
082 |b M434 
100 |a Mitsuo, Matsushita 
245 0 |a Japanese international trade and investment law 
245 0 |c Mitsuo Matsushita 
260 |a Tokyo 
260 |b University of Tokyo Press 
260 |c 1989 
650 |a Foreign trade regulation,Investments, foreign 
650 |x Law and legislation 
650 |z Japan,Japan 
980 |a Trung tâm Học liệu Trường Đại học Cần Thơ